It looks like you're offline.
Open Library logo
additional options menu

MARC record from Internet Archive

LEADER: 00879cam 2200301 4500
001 1034417
001 0116404934048
003 LTSCA
005 20050214164012.0
008 040708s2005 maua b 001 0 eng
010 $a 2004055902
020 $a0262025760
035 $a(Sirsi) l2004055902
035 $a(OCoLC)ocm55947954
035 $fOCLC
040 $aDLC$cDLC$dC#P$dAEU
040 $aOPET$beng
049 $aUABA
050 00 $aK840$b.B65 2005
082 00 $a346.02/01$222
090 $aK 840 B65 2005$bAEU
100 1 $aBolton, Patrick,$d1957-
245 10 $aContract theory /$cPatrick Bolton and Mathias Dewatripont.
260 $aCambridge, Mass. :$bMIT Press,$cc2005.
300 $axvi, 724 p. :$bill. ;$c24 cm.
504 $aIncludes bibliographical references (p. [687]-707) and indexes.
650 0 $aContracts$xMethodology.
700 1 $aDewatripont, M.$q(Mathias)